Adele Lyrics- Part 2 - Statistics

General Stats
  • This quiz has been taken 112 times
  • The average score is 12 of 15
Answer Stats
Hint Answer % Correct
"We could've had it all, _______ in the Deep" Rolling
100%
"Should I give up? Or should I just keep Chasing ______, even if it leads nowhere." Pavements
96%
"I dare you to let me be your, your ___ and Only" One
94%
"But I Set Fire to the ___, watched it pour as I touched your face." Rain
94%
"How could anything be fair, when Love Is A ___ for fools to play." Game
91%
"Sometimes it lasts in love, but sometimes it ____ instead." Hurts
91%
"You look like a movie, You sound like a ___, my god this reminds me, of When We Were Young." Song
91%
"Let the _______, when it crumbles, we will stand tall and face all together." Skyfall
89%
Say that our Love ain't Water Under the _____." Bridge
88%
"I can't Love you in the ____, it feels like we're oceans apart." Dark
83%
"No you ain't ever had a _____ like me, it is so sad, a man like you could be so lazy." Woman
73%
"Round my _______ , memories are fresh." Hometown
64%
"I don't wanna be ____ or vicious, and I ain't asking for forgiveness" Cruel
49%
"________, sitting on the sea, soaking up the sun, he is a real lover." Daydreamer
42%
"Forgive me ____ love, Forgive me ___ love." First
37%
No matching quizzes found
Score Distribution
Percent of People with Each Score
Percentile by Number Answered
Your Score History
You have not taken this quiz